00334 a2200121 450000500170000002000180001708200160003510000140005124500450006525000110011026000410012130000500016220250305135804.0 a0-7619-2553-8 a300.722 YIN aYIN, R.K. aCase Study Research: Design and Methods. a3rd Ed aNew Delhi,bSage Publications,c2003 axvi, 181p.: figure,bReferences, Indexc21cm